|
|
|
|
| LEADER |
00000nam a2200000 a 4500 |
| 001 |
vtls008323282 |
| 003 |
SK-MaSNL |
| 005 |
20260302074320.0 |
| 008 |
240318s1973 xo slo |
| 015 |
|
|
|a SNBA1974/01-00182
|
| 035 |
|
|
|a SK01SNK19740015499
|
| 035 |
|
|
|a SKM000017962
|
| 040 |
|
|
|a SNK
|b slo
|c SNK
|e AACR2
|
| 041 |
0 |
|
|a slo
|
| 044 |
|
|
|a xo
|c SK
|
| 080 |
|
|
|a 611+612+577+371.71+613.95(075.8)
|2 1981
|
| 080 |
|
|
|a 612(075.8)
|2 1981
|
| 080 |
|
|
|a 577(075.8)
|2 1981
|
| 080 |
|
|
|a 371.71(075.8)
|2 1981
|
| 080 |
|
|
|a 613.95(075.8)
|2 1981
|
| 100 |
1 |
|
|a Cílek, Milan
|4 aut
|9 369218
|
| 245 |
1 |
0 |
|a Vývojová biológia a školská hygiena
|c Milan Cílek
|
| 250 |
|
|
|a 1. dopl. vyd.
|
| 260 |
|
|
|a Bratislava
|b Slovenská vysoká škola technická
|c 1973
|
| 300 |
|
|
|a 96, [1] s.
|b ilustr., grafy, tab., sch.
|c 4°
|
| 366 |
|
|
|e 250 výt.
|
| 504 |
|
|
|a Bibliogr. Pozn.
|
| 650 |
0 |
7 |
|a vývojová biológia
|2 SNKPH
|9 79975
|
| 650 |
0 |
7 |
|a školská hygiena
|2 SNKPH
|9 87037
|
| 650 |
0 |
7 |
|a školy
|2 SNKPH
|9 1276
|
| 655 |
|
7 |
|a učebnice vysokých škôl
|2 SNKPH
|9 70191
|
| 852 |
|
|
|a Slovenská národná knižnica v Martine
|b 10000
|h SB 20290
|
| 852 |
|
|
|a Slovenská národná knižnica v Martine
|b 10000
|h SB 20290 D1
|
| 958 |
|
|
|a OND
|
| 958 |
|
|
|a RM
|
| 958 |
|
|
|a RK
|
| 958 |
|
|
|a UV
|
| 958 |
|
|
|a NB
|
| 999 |
|
|
|c 1164555
|d 1166485
|
| 952 |
|
|
|a SNK
|b SNK
|y PREZ
|7 0
|p 17A0901211
|o snkSB 20290
|i snkKSP 717/74
|0 0
|1 0
|4 0
|d 2014-04-07
|f 1
|l 0
|r 2025-03-25 00:00:00
|w 2026-02-24
|
| 952 |
|
|
|a SNK
|b SNK
|y VYP
|7 0
|o snkSB 20290 D1
|i snkKSP 718/74
|0 0
|1 0
|4 0
|d 2014-04-07
|l 0
|r 2026-02-24 20:44:58
|w 2026-02-24
|